If dogs had wings / (Record no. 6048)

MARC details
000 -LEADER
fixed length control field 00933cam a2200301 a 4500
001 - CONTROL NUMBER
control field 6048
003 - CONTROL NUMBER IDENTIFIER
control field FISKH
005 - DATE AND TIME OF LATEST TRANSACTION
control field 20250227093957.0
008 - FIXED-LENGTH DATA ELEMENTS--GENERAL INFORMATION
fixed length control field 960229s1996 paua b 000 1 eng d
010 ## - LIBRARY OF CONGRESS CONTROL NUMBER
LC control number 95080776
040 ## - CATALOGING SOURCE
Original cataloging agency CoGjP
Transcribing agency CoGjP
Modifying agency DLC
Language of cataloging eng
050 ## - LIBRARY OF CONGRESS CALL NUMBER
Classification number PZ7.B767 I
082 ## - DEWEY DECIMAL CLASSIFICATION NUMBER
Classification number 813.54
100 1# - MAIN ENTRY--PERSONAL NAME
Personal name Brimner, Larry Dane.
245 10 - TITLE STATEMENT
Title If dogs had wings /
Statement of responsibility, etc. Larry Dane Brimner ; illustrated by Chris L. Demarest.
260 ## - PUBLICATION, DISTRIBUTION, ETC.
Place of publication, distribution, etc. Honesdale, Penna. :
Name of publisher, distributor, etc. Troll,
Date of publication, distribution, etc. 1996.
300 ## - PHYSICAL DESCRIPTION
Extent 30 unnumbered pages :
Other physical details color illustrations ;
Dimensions 26 cm
505 ## - FORMATTED CONTENTS NOTE
Formatted contents note G<br/>
520 ## - SUMMARY, ETC.
Summary, etc. A dog imagines what the world would be like for dogs if they had wings.
521 8# - TARGET AUDIENCE NOTE
Target audience note 300<br/>
Source Lexile<br/>
521 8# - TARGET AUDIENCE NOTE
Target audience note G<br/>
Source Raz-Plus<br/>
650 #1 - SUBJECT ADDED ENTRY--TOPICAL TERM
Topical term or geographic name entry element Dogs
General subdivision Fiction.
650 #1 - SUBJECT ADDED ENTRY--TOPICAL TERM
Topical term or geographic name entry element Flight
General subdivision Fiction.
700 1# - ADDED ENTRY--PERSONAL NAME
Personal name Demarest, Chris Larry,
Relator term illustrator
906 ## - LOCAL DATA ELEMENT F, LDF (RLIN)
a 7
b cbc
c copycat
d 2
e opcn
f 19
g y-gencatlg
942 ## - ADDED ENTRY ELEMENTS (KOHA)
Source of classification or shelving scheme Dewey Decimal Classification
Koha item type Books
Suppress in OPAC No
Holdings
Withdrawn status Lost status Source of classification or shelving scheme Damaged status Not for loan Collection Home library Current library Shelving location Date acquired Total Checkouts Full call number Barcode Date due Date last seen Date last checked out Price effective from Koha item type
    Dewey Decimal Classification     Juvenile Fiction Footprints International School Library Network Toul Kork Campus Footprints International School Library Network Toul Kork Campus TK Primary Library Room(4th Floor), Bookcase 7, Shelves 57-60, Dark Green Books 02/27/2025 1 BRI 813.54 PZ7.B767 I FISBK06087 09/03/2025 08/20/2025 08/20/2025 02/27/2025 Books